[Event "GER-chT U16"]
[Site "Magdeburg"]
[Date "2023.12.27"]
[Round "2.4"]
[White "Gotfried, Elias"]
[Black "Malchereck, Zion"]
[Result "1/2-1/2"]
[WhiteElo "1375"]
[BlackElo "1792"]
[PlyCount "63"]
[EventDate "2023.12.26"]
[EventType "team-swiss"]
[EventRounds "7"]
[EventCountry "GER"]
[SourceTitle "CB03_2024"]
[SourceDate "2024.01.17"]
[SourceVersion "1"]
[SourceVersionDate "2024.01.17"]
[SourceQuality "1"]
[WhiteTeam "Stuttgart SF"]
[BlackTeam "Hamburger SK"]
[WhiteTeamCountry "GER"]
[BlackTeamCountry "GER"]

1. e4 c5 2. Nc3 g6 3. f4 Bg7 4. Nf3 e6 5. Bc4 Ne7 6. d3 0-0 7. 0-0 d5 8. Bb3 Nbc6 9. Qe1 a6 10. a4 Rb8 11. Qh4 b5 12. f5 exf5 13. exd5 Nd4 14. Bg5 f6 15. Bf4 Nxb3 16. Bxb8 Nxa1 17. Rxa1 Nxd5 18. axb5 Nxc3 19. Qc4+ Qd5 20. bxc3 Qxc4 21. dxc4 axb5 22. cxb5 Rf7 23. Bd6 Bf8 24. Bxf8 Rxf8 25. Ra8 Bb7 26. Rxf8+ Kxf8 27. c4 Ke7 28. Kf2 Ke6 29. Ke3 g5 30. g3 h6 31. Ne1 Be4 32. c3 1/2-1/2

[Event "GER-chT U16"]
[Site "Darmstadt"]
[Date "2022.12.29"]
[Round "5"]
[White "Malchereck, Zion"]
[Black "Orlowski, Arthur"]
[Result "1/2-1/2"]
[WhiteElo "1726"]
[BlackElo "1764"]
[PlyCount "87"]
[EventDate "2022.12.26"]
[EventType "team-swiss"]
[EventRounds "7"]
[EventCountry "GER"]
[SourceTitle "CBM 212 Extra"]
[Source "ChessBase"]
[SourceDate "2023.03.31"]
[SourceVersion "1"]
[SourceVersionDate "2023.03.31"]
[SourceQuality "1"]
[WhiteTeam "Hamburger SK"]
[BlackTeam "Lichtenberg Borussia"]
[WhiteTeamCountry "GER"]
[BlackTeamCountry "GER"]

1. e4 d5 2. exd5 Qxd5 3. Nc3 Qd6 4. Nf3 Bg4 5. Be2 Nc6 6. 0-0 Nf6 7. d3 e6 8. Be3 a6 9. h3 Bh5 10. a3 Be7 11. Qd2 0-0 12. Rad1 Rad8 13. Rfe1 b5 14. b4 Bxf3 15. Bxf3 Nd4 16. Be2 c5 17. Ne4 Nxe4 18. dxe4 Nxe2+ 19. Qxe2 Qe5 20. c4 cxb4 21. cxb5 axb5 22. Rxd8 Rxd8 23. axb4 Bxb4 24. Rb1 Ra8 25. Qd3 Ra1 26. Rxa1 Qxa1+ 27. Kh2 Qe5+ 28. g3 Qb8 29. Kg2 h6 30. Kf3 Bd6 31. Ke2 b4 32. Qb3 Qb5+ 33. Qd3 Qxd3+ 34. Kxd3 f5 35. exf5 exf5 36. Kc4 Kf7 37. Bd4 g5 38. g4 Kg6 39. f3 h5 40. Kb3 hxg4 41. hxg4 Be7 42. Kc4 fxg4 43. fxg4 Kf7 44. Be3 1/2-1/2

[Event "GER-chT U12"]
[Site "Magdeburg"]
[Date "2019.12.30"]
[Round "7.1"]
[White "Lieske, Aaron"]
[Black "Malchereck, Zion"]
[Result "0-1"]
[WhiteElo "1493"]
[BlackElo "1543"]
[PlyCount "66"]
[EventDate "2019.12.27"]
[EventType "team-swiss"]
[EventRounds "7"]
[EventCountry "GER"]
[SourceTitle "CBM 194 Extra"]
[Source "ChessBase"]
[SourceDate "2020.03.31"]
[SourceVersion "1"]
[SourceVersionDate "2020.03.31"]
[SourceQuality "1"]
[WhiteTeam "Kreuzberg"]
[BlackTeam "Hamburger SK"]
[WhiteTeamCountry "GER"]
[BlackTeamCountry "GER"]

1. e4 c5 2. Nf3 Nc6 3. d4 cxd4 4. Nxd4 e5 5. Nf3 Nf6 6. Nc3 Bb4 7. Bd2 Bxc3 8. Bxc3 Nxe4 9. Qd3 Nxc3 10. Qxc3 0-0 11. 0-0-0 Qe7 12. Bb5 e4 13. Nd2 d5 14. Bxc6 bxc6 15. Qxc6 Bb7 16. Qa4 Rfc8 17. Qd4 Qc7 18. c3 Rab8 19. Kb1 Ba6 20. Ka1 Qb7 21. Nb3 Bc4 22. Rd2 Qa6 23. Nc1 Qa5 24. f3 Re8 25. Re1 exf3 26. Rxe8+ Rxe8 27. b3 Re4 28. Qg1 Qxc3+ 29. Rb2 Re1 30. Qxe1 Qxe1 31. bxc4 Qxc1+ 32. Rb1 Qc3+ 33. Rb2 fxg2 0-1

[Event "GER-chT U12"]
[Site "Magdeburg"]
[Date "2019.12.29"]
[Round "5.1"]
[White "Malchereck, Zion"]
[Black "Struebel, Tobias"]
[Result "1-0"]
[WhiteElo "1543"]
[BlackElo "1379"]
[PlyCount "111"]
[EventDate "2019.12.27"]
[EventType "team-swiss"]
[EventRounds "7"]
[EventCountry "GER"]
[SourceTitle "CBM 194 Extra"]
[Source "ChessBase"]
[SourceDate "2020.03.31"]
[SourceVersion "1"]
[SourceVersionDate "2020.03.31"]
[SourceQuality "1"]
[WhiteTeam "Hamburger SK"]
[BlackTeam "Bemerode"]
[WhiteTeamCountry "GER"]
[BlackTeamCountry "GER"]

1. e4 e6 2. d4 d5 3. exd5 exd5 4. Nf3 Nf6 5. Bd3 Bg4 6. Be3 Nc6 7. c3 Be7 8. Nbd2 0-0 9. h3 Bh5 10. 0-0 Qd7 11. Qc2 Bg6 12. Bxg6 fxg6 13. Rfe1 Rae8 14. Bf4 Nh5 15. Be5 Bf6 16. Bxf6 Rxe1+ 17. Rxe1 gxf6 18. Nb3 b6 19. c4 Nb4 20. Qd2 dxc4 21. Qxb4 cxb3 22. Qxb3+ Qf7 23. Qa3 a5 24. Re7 Qc4 25. Qc3 Qxa2 26. Qxc7 Qxb2 27. g4 Qb1+ 28. Kg2 Nf4+ 29. Qxf4 a4 30. Qc7 g5 31. Qc4+ Kh8 32. Qxa4 b5 33. Rb7 Qe4 34. Qxb5 h5 35. Qd7 Qg6 36. Qf5 Qh6 37. d5 hxg4 38. hxg4 Ra8 39. Rf7 Rd8 40. Qxf6+ Qxf6 41. Rxf6 Rxd5 42. Rg6 Rc5 43. Rxg5 Rc4 44. Kg3 Kh7 45. Re5 Kg6 46. Nh4+ Kf6 47. f4 Rc3+ 48. Nf3 Rc1 49. f5 Rc3 50. Re6+ Kf7 51. Kf4 Rc8 52. Ne5+ Kg7 53. Kg5 Kg8 54. Nd7 Rd8 55. Rg6+ Kh8 56. Nf6 1-0

[Event "Hamburg-chB"]
[Site "Hamburg"]
[Date "2018.05.21"]
[Round "3"]
[White "Malchereck, Zion"]
[Black "Movsisyan, Vruyr"]
[Result "1-0"]
[WhiteElo "1225"]
[BlackElo "1078"]
[PlyCount "71"]
[EventDate "2018.05.19"]
[EventType "swiss"]
[EventRounds "7"]
[EventCountry "GER"]
[SourceTitle "EXT 2020"]
[Source "ChessBase"]
[SourceDate "2019.10.17"]
[SourceVersion "1"]
[SourceVersionDate "2019.10.17"]
[SourceQuality "1"]

1. e4 e5 2. Nf3 Nc6 3. Bc4 Bc5 4. c3 Nf6 5. d3 d6 6. a4 a6 7. Bg5 h6 8. Bh4 g5 9. Bg3 Bg4 10. Qb3 Bh5 11. Qd1 Qd7 12. b4 Ba7 13. Nbd2 Qe7 14. h3 0-0-0 15. b5 Na5 16. bxa6 Nxc4 17. axb7+ Kxb7 18. Nxc4 d5 19. Qb3+ Kc8 20. exd5 Nxd5 21. Nfxe5 f6 22. Rb1 c5 23. Qb5 Bb6 24. Nxb6+ Nxb6 25. Qxb6 fxe5 26. Qa6+ Kd7 27. Rb7+ Ke8 28. Rxe7+ Kxe7 29. 0-0 Be2 30. Re1 Bxd3 31. Rxe5+ Kf7 32. Qe6+ Kg7 33. Rxc5 Rhe8 34. Rc7+ Kh8 35. Qf6+ Kg8 36. Qg7# 1-0

[Event "Hamburg-chB"]
[Site "Hamburg"]
[Date "2018.05.20"]
[Round "2"]
[White "Lohmann, Rene Alexander"]
[Black "Malchereck, Zion"]
[Result "1-0"]
[WhiteElo "1029"]
[BlackElo "1225"]
[PlyCount "67"]
[EventDate "2018.05.19"]
[EventType "swiss"]
[EventRounds "7"]
[EventCountry "GER"]
[SourceTitle "EXT 2020"]
[Source "ChessBase"]
[SourceDate "2019.10.17"]
[SourceVersion "1"]
[SourceVersionDate "2019.10.17"]
[SourceQuality "1"]

1. e4 e5 2. Nf3 Nc6 3. Bc4 Bc5 4. b4 Bxb4 5. c3 Be7 6. d4 exd4 7. cxd4 d6 8. Bb2 Bf6 9. 0-0 Bg4 10. Re1 Nge7 11. Na3 0-0 12. Nc2 Bh5 13. Qe2 Ng6 14. Rad1 Re8 15. Bc1 Qe7 16. h3 Nh4 17. g4 Nxf3+ 18. Qxf3 Bg6 19. Bd5 Qd7 20. g5 Bd8 21. h4 h6 22. h5 Bh7 23. g6 Bf6 24. gxf7+ Kf8 25. fxe8Q+ Rxe8 26. Bxh6 Qe7 27. Bg5 a6 28. Bxf6 gxf6 29. Qf4 Qg7+ 30. Qg3 Qh6 31. Qh4 Re7 32. Re3 Bg6 33. Rg3 Rg7 34. Qxf6+ 1-0

[Event "GER-chT U10"]
[Site "Magdeburg"]
[Date "2017.12.29"]
[Round "7.3"]
[White "Malchereck, Zion"]
[Black "Frecker, Bennit"]
[Result "0-1"]
[WhiteElo "1151"]
[BlackElo "1139"]
[PlyCount "189"]
[EventDate "2017.12.27"]
[EventType "team-swiss"]
[EventRounds "7"]
[EventCountry "GER"]
[SourceTitle "EXT 2019"]
[Source "ChessBase"]
[SourceDate "2018.10.10"]
[SourceVersion "1"]
[SourceVersionDate "2018.10.10"]
[SourceQuality "1"]
[WhiteTeam "Hamburger SK"]
[BlackTeam "Aachen Aufwaerts"]
[WhiteTeamCountry "GER"]
[BlackTeamCountry "GER"]

1. e4 d5 2. exd5 Nf6 3. Nc3 Nxd5 4. Nxd5 Qxd5 5. Nf3 Bg4 6. Be2 Nc6 7. d3 e6 8. Bf4 0-0-0 9. 0-0 Qh5 10. h3 Qf5 11. Bg3 h5 12. Qd2 Nd4 13. Nxd4 Rxd4 14. Qc3 Bd6 15. Bxg4 hxg4 16. Qxd4 gxh3 17. Bxd6 hxg2 18. Bh2 Qh3 19. Qf4 gxf1Q+ 20. Rxf1 e5 21. Qxe5 Qg4+ 22. Qg3 Qd7 23. Re1 Qd8 24. Re4 g5 25. Rd4 Qe7 26. Qe5 Qxe5 27. Bxe5 Re8 28. Re4 Rf8 29. Kg2 f6 30. Bc3 f5 31. Re5 g4 32. f3 Kd7 33. fxg4 fxg4 34. Rg5 Re8 35. Rxg4 Re2+ 36. Kf3 Rxc2 37. Rg7+ Kd6 38. Rg6+ Kc5 39. Rg5+ Kd6 40. Ke4 Re2+ 41. Kd4 Ke7 42. Ra5 a6 43. Ra3 Re6 44. Rb3 b5 45. Bb4+ Kd7 46. Rc3 c6 47. Kc5 Kc7 48. b3 Re5+ 49. Kd4 Rd5+ 50. Ke3 Kb6 51. a4 a5 52. Ba3 b4 53. Rc1 bxa3 54. Ra1 Re5+ 55. Kf4 Rd5 56. Ke4 Kc5 57. Rxa3 Kb4 58. Ra1 Kxb3 59. Rc1 Rd6 60. Rc4 Re6+ 61. Kd4 Rd6+ 62. Ke4 Rh6 63. Rc5 Kb4 64. Rc4+ Kb3 65. Rc5 Kxa4 66. Rc1 Kb5 67. Rb1+ Ka6 68. Kd4 Rh5 69. Rc1 Kb6 70. Rb1+ Kc7 71. Ra1 Kd6 72. Kc4 Rh4+ 73. d4 c5 74. Rxa5 Rxd4+ 75. Kc3 Kd5 76. Kb3 Rb4+ 77. Kc3 Re4 78. Kd3 Rh4 79. Kc2 Rh3 80. Kd2 Kd4 81. Ra4+ c4 82. Kc2 Rh4 83. Kd2 Rh2+ 84. Kc1 Kd3 85. Ra3+ c3 86. Kb1 Rg2 87. Rb3 Kd2 88. Rb2+ cxb2 89. Kxb2 Rg3 90. Kb1 Kc3 91. Ka2 Kb4 92. Kb2 Rg2+ 93. Kc1 Kc3 94. Kd1 Ra2 95. Ke1 0-1

[Event "Hamburg-chB"]
[Site "Hamburg"]
[Date "2017.06.10"]
[Round "6"]
[White "Movsisyan, Vruyr"]
[Black "Malchereck, Zion"]
[Result "1-0"]
[WhiteElo "1134"]
[BlackElo "949"]
[PlyCount "127"]
[EventDate "2017.06.03"]
[EventType "swiss"]
[EventRounds "6"]
[EventCountry "GER"]
[SourceTitle "CBM 179 Extra"]
[Source "ChessBase"]
[SourceDate "2017.08.23"]
[SourceVersion "1"]
[SourceVersionDate "2017.08.23"]
[SourceQuality "1"]

1. e4 e5 2. Nf3 Nc6 3. Bc4 Nf6 4. Nc3 Nxe4 5. Nxe4 d5 6. Bd3 dxe4 7. Bxe4 Bg4 8. h3 Bh5 9. d3 Bc5 10. Be3 Bxe3 11. fxe3 0-0 12. Qd2 Qd6 13. 0-0-0 Bg6 14. Kb1 Bxe4 15. dxe4 Qg6 16. Qd5 Rad8 17. Nxe5 Qf6 18. Nd7 Qe7 19. a3 Nb8 20. Qxb7 Nxd7 21. Qxc7 Qe8 22. Qxa7 Nf6 23. Rxd8 Qxd8 24. e5 Ne4 25. Qd4 Ng5 26. Qxd8 Rxd8 27. b4 Ra8 28. Kb2 Ne4 29. Rd1 Kf8 30. Rd4 Ng5 31. b5 Ne6 32. Rc4 Ke7 33. b6 Kd7 34. a4 Nd8 35. Kb3 Nc6 36. Rc5 Ra6 37. b7 Rb6+ 38. Rb5 Kc7 39. Rxb6 Kxb6 40. Kc4 Nxe5+ 41. Kd5 Nc6 42. a5+ Kxb7 43. Kd6 g5 44. e4 Nd4 45. e5 Nf5+ 46. Kd7 Ka6 47. c4 Kxa5 48. c5 Nd4 49. c6 Nxc6 50. Kxc6 Ka6 51. Kd6 Kb7 52. Ke7 g4 53. hxg4 f5 54. gxf5 h5 55. f6 h4 56. f7 h3 57. gxh3 Kc7 58. f8Q Kb7 59. Qd8 Ka7 60. Qc7+ Ka8 61. Qd7 Kb8 62. Kd6 Ka8 63. Kc6 Kb8 64. Qb7# 1-0

[Event "GER-chT U10"]
[Site "Magdeburg"]
[Date "2016.12.29"]
[Round "7.4"]
[White "Bangiev, Anton"]
[Black "Malchereck, Zion"]
[Result "0-1"]
[WhiteElo "600"]
[BlackElo "924"]
[PlyCount "64"]
[EventDate "2016.12.27"]
[EventType "team-swiss"]
[EventRounds "7"]
[EventCountry "GER"]
[SourceTitle "EXT 2018"]
[Source "ChessBase"]
[SourceDate "2017.10.13"]
[SourceVersion "1"]
[SourceVersionDate "2017.10.13"]
[SourceQuality "1"]
[WhiteTeam "Hannover"]
[BlackTeam "Hamburger SK II"]
[WhiteTeamCountry "GER"]
[BlackTeamCountry "GER"]

1. d4 d5 2. Nf3 Nf6 3. Bg5 e6 4. Nc3 Be7 5. Qd3 0-0 6. g3 Bd7 7. Bg2 Nc6 8. 0-0-0 b6 9. Bxf6 Bxf6 10. e4 dxe4 11. Qxe4 Be7 12. Bf1 f5 13. Qd3 Nb4 14. Qc4 b5 15. Qe2 Rb8 16. Rg1 Bg5+ 17. Kb1 Bf6 18. g4 Be7 19. Nh4 Bxh4 20. Bh3 Qe7 21. Qf3 fxg4 22. Qxg4 e5 23. Qe4 Bxh3 24. a3 Bf5 25. Qg2 Bxc2+ 26. Kc1 Bxd1 27. Kxd1 Bxf2 28. Rf1 Nd3 29. Ne4 Nxb2+ 30. Kc2 Bxd4 31. Kb3 Rxf1 32. Qxf1 Qh4 0-1

[Event "GER-chT U10"]
[Site "Magdeburg"]
[Date "2016.12.27"]
[Round "2.3"]
[White "Graf, Micha"]
[Black "Malchereck, Zion"]
[Result "0-1"]
[WhiteElo "600"]
[BlackElo "924"]
[PlyCount "34"]
[EventDate "2016.12.27"]
[EventType "team-swiss"]
[EventRounds "7"]
[EventCountry "GER"]
[SourceTitle "EXT 2018"]
[Source "ChessBase"]
[SourceDate "2017.10.13"]
[SourceVersion "1"]
[SourceVersionDate "2017.10.13"]
[SourceQuality "1"]
[WhiteTeam "Hemer"]
[BlackTeam "Hamburger SK II"]
[WhiteTeamCountry "GER"]
[BlackTeamCountry "GER"]

1. e4 e5 2. Nf3 Nf6 3. Bc4 Nxe4 4. 0-0 Be7 5. Nc3 Nxc3 6. bxc3 d5 7. Ba3 Bxa3 8. Nxe5 dxc4 9. Re1 0-0 10. Nxc4 Bc5 11. Re5 b6 12. Rb1 Nc6 13. Rb5 Nxe5 14. Nxe5 Qe8 15. Ng4 Bxg4 16. Rb4 Bxd1 17. Re4 Qxe4 0-1